Biblioteca

The God delusion (Registro nro. 66401)

Detalles MARC
000 -LÍDER
Campo fijo de descripción fija 03719cam a2200421 i 4500
001 - NÚMERO DE CONTROL
Campo de control 768714001
003 - IDENTIFICADOR DEL NÚMERO DE CONTROL
Campo de control CO-MdFUSB
005 - FECHA Y HORA DE LA ULTIMA TRANSACCIÓN
control field 20210601110800.0
007 - CAMPO FIJO DE DESCRIPCIÓN FIJA--INFORMACIÓN GENERAL
Campo fijo de descripción fija ta
008 - ELEMENTOS DE LONGITUD FIJA -- INFORMACIÓN GENERAL
Campo fijo de descripción fija -- Información general 080114t20082006mau b 001 0 eng
010 ## - NÚMERO DE CONTROL DE LA BIBLIOTECA DEL CONGRESO
Número de control LC 2006015506
020 ## - NÚMERO INTERNACIONAL NORMALIZADO PARA LIBROS
Número Internacional Normalizado del libro 9780618918249
020 ## - NÚMERO INTERNACIONAL NORMALIZADO PARA LIBROS
Número Internacional Normalizado del libro 0618918248
040 ## - FUENTE DE CATALOGACIÓN
Agencia de catalogación original DLC
Idioma de catalogación eng
Convenciones de la descripción rda
Agencia que realiza la transcripción CO-MdFUSB
Agencia que realiza la modificación BAKER
-- CO-MdFUSB
-- CO-MdFUSB
-- YDXCP
-- XVF
-- OCLCG
-- JBO
-- XL4
-- CKL
-- BTCTA
-- RCS
-- BKL
-- FDA
-- BDX
-- JP7
-- IEP
-- AHS
-- OCLCF
-- WAU
-- FDA
-- ISS
041 ## - CÓDIGO DE IDIOMA
Código de idioma para texto/pista de sonido o título separado eng
082 ## - NÚMERO DE CLASIFICACIÓN DECIMAL DEWEY
Número de la edición del Dewey 23
Número de clasificación 211.8
Clave de autor-Numero de item D271
090 ## - SIGNATURA TOPOGRÁFICA LOCAL
Número de clasificación local 211.8
100 1# - ASIENTO PRINCIPAL--NOMBRE PERSONAL
Nombre personal Dawkins, Richard,
Fechas asociadas con el nombre 1941-
Término relacionador autor
240 ## - TITULO UNIFORME
Título uniforme <a href="El espejismo de Dios.">El espejismo de Dios.</a>
245 14 - TÍTULO
Título del Material The God delusion
Mención de responsabilidad, etc. / Richard Dawkins.
250 ## - MENCIÓN DE EDICIÓN
Mención de edición Primera edición de Mariner Books.
264 #1 - PRODUCCIÓN, PUBLICACIÓN, DISTRIBUCIÓN, MANUFACTURA, Y COPYRIGHT
Lugar de producción, publicación, distribución, manufactura Boston :
Nombre del productor, publicador, distribuidor Houghton Mifflin,
Fecha de producción, publicación, distribución, manufactura, o copyright [2008]
264 #4 - PRODUCCIÓN, PUBLICACIÓN, DISTRIBUCIÓN, MANUFACTURA, Y COPYRIGHT
Fecha de producción, publicación, distribución, manufactura, o copyright © 2008
300 ## - DESCRIPCIÓN FÍSICA
Extensión 463 páginas ;
Dimensiones 21 cm.
336 ## - TIPO DE CONTENIDO
Término de tipo de contenido texto
Código de tipo de contenido tdi
Fuente rdacontent
337 ## - TIPO DE MEDIO
Nombre del tipo de medio sin mediación
Código del tipo de medio n
Fuente rdamedia
338 ## - TIPO DE SOPORTE
Nombre del tipo de soporte volumen
Código Tipo de soporte nc
Fuente rdacarrier
504 ## - NOTA DE BIBLIOGRAFÍA, ETC.
Nota de bibliografía, etc Incluye referencias bibliográficas (páginas 427 -448) e índice.
505 0# - NOTA DE CONTENIDO
Nota de contenido con formato preestablecido Un no creyente profundamente religioso. Respeto merecido; Respeto inmerecido - La hipótesis de Dios. Politeísmo; Monoteísmo; Secularismo, los Padres Fundadores y la religión de América; La pobreza del agnosticismo; NOMA El gran experimento de oración; La escuela de evolucionistas de Neville Chamberlain; Pequeños hombres verdes: argumentos para la existencia de Dios. Las "pruebas" de Tomás de Aquino; El argumento ontológico y otros argumentos a priori; El argumento de la belleza; El argumento de la "experiencia" personal; El argumento de la Escritura -
505 #0 - NOTA DE CONTENIDO
Nota de contenido con formato preestablecido El argumento de admirados científicos religiosos; La apuesta de Pascal; Argumentos bayesianos: por qué casi con certeza no hay Dios. El último Boeing 747; Selección natural como un elevador de conciencia; Complejidad irreducible; La adoración de las brechas; El principio antrópico: versión planetaria; El principio antrópico: versión cosmológica; Un interludio en Cambridge: las raíces de la religión. El imperativo darwiniano; Ventajas directas de la religión; Selección de grupo; La religión como subproducto de otra cosa; Preparado psicológicamente para la religión; Pisa suavemente, porque pisas mis memes; Cultos de carga - Las raíces de la moral: ¿por qué somos buenos? ¿Nuestro sentido moral tiene un origen darwiniano? ; Un estudio de caso en las raíces de la moralidad; Si no hay Dios, ¿por qué ser bueno? - El "buen" libro y el cambio moral del espíritu de la época. El antiguo Testamento ; ¿Es mejor el Nuevo Testamento? ; Ama a tu vecino ; El espíritu de la época moral; ¿Qué hay de Hitler y Stalin? : no eran ateos? - ¿Qué le pasa a la religión? : ¿por qué ser tan hostil? El fundamentalismo y la subversión de la ciencia; El lado oscuro del absolutismo; Fe y homosexualidad; La fe y la santidad de la vida humana; La gran falacia de Beethoven; Cómo la "moderación" en la fe fomenta el fanatismo: la infancia, el abuso y el escape de la religión. Abuso físico y mental; En defensa de los niños; Un escándalo educativo; Conciencia de nuevo; La educación religiosa como parte de la cultura literaria: ¿una brecha muy necesaria? Binker Consuelo; Inspiración La madre de todos los burkas.
520 ## - NOTA DE RESUMEN, ETC.
Nota de sumario, etc. Dawkins argumenta que creer en Dios es irracional y describe ejemplos de las influencias negativas de la religión en la sociedad a lo largo de los siglos, como la guerra, la intolerancia, el abuso infantil y la violencia.
563 ## - NOTA DE ENCUADERNACIÓN
Nota de encuadernación Rústico
653 ## - TÉRMINO DE INDIZACIÓN - NO CONTROLADO
Término no controlado Religión - Literatura controvertida.
942 ## - TIPO DE MATERIAL (KOHA)
Tipo de Item KOHA Libros General
945 ## - INFORMACIÓN LOCAL DEL REGISTRO
Catalogador JTF-925
Existencias
Estado de Material Estado de Perdido Forma de Clasificación Estado de Dañado No para Préstamo Colección Biblioteca de Origen Biblioteca Permanente Fecha de Adquisición Área Total de Préstamos Signatura Topográfica Código de Barras Última vez visto Ejemplar/Existencia Fecha de Remplazo Tipo de Material
    Dewey Decimal Classification     Colección General Biblioteca FUSBC Biblioteca FUSBC 02/07/2020 BIBLIA   G 211.8 D271g 12427 02/07/2020 Ej.1 02/07/2020 Libros General

Biblioteca FUSBC | Teléfono: (57+4) 349 88 10 Ext. 141| WhatsApp (+57) 3005338115 
E-mail: biblioteca@unisbc.edu.co | Calle 76 87-14 Robledo Palenque, Medellín, Colombia

Con tecnología Koha